General Knowledge #1 - Statistics

General Stats
  • This quiz has been taken 25 times
  • The average score is 4 of 11
Answer Stats
Question Answer % Correct
Which Formula 1 track boasts the record of the shortest distance including all laps. A) Monaco
80%
'The Washington Post' American daily newspaper owned by this billionaire is the founder of this MNC C) Amazon
60%
This Maritime nation features an AK 47 rifle on its flag. D) Mozambique
60%
Barberton Greenstone Belt is situated on the eastern edge of this country known for its gold mineralisation and komatiltes. B) South Africa
40%
In 1912, this former US President was shot just before he was scheduled to deliver an election speech which he did but bullet remained inside his chest during the speech. B) Theodore Roosevelt
40%
In September 1944, nine American airmen survived when their planes were shot down off the coast the tiny Pacific island of Chichijima. Eight of the young men were captured by the Japanese, tortured and eaten. The ninth drifted out to sea and was remarkably rescued by the US Navy. That survivor was a 20-year-old pilot who would go on to become President. C) George HW Bush
40%
Which Formula 1 team won the Constructors' Championship in 2021. D) Mercedes
40%
This driver boasts the record of fastest pole lap in F1 history. B) Lewis Hamilton
20%
The practice of having a protem speaker the oldest member in an assembly or parliament has been borrowed from X country. C) France
20%
What is the Kaprekar 's Constant named after an Indian mathematician DR Kaprekar. D) 6174
20%
This item is the most water intensive food in terms of water withdrawal per kilogram (liters) D) Cheese
20%
No matching quizzes found
Score Distribution
Percent of People with Each Score
Percentile by Number Answered
Your Score History
You have not taken this quiz